| 000 | 00962cam a2200253 a 4500 | ||
|---|---|---|---|
| 001 | 000015747 | ||
| 003 | OSt | ||
| 005 | 20200929164134.0 | ||
| 008 | 780223s1976 uy a f000 0 spa | ||
| 040 |
_aDO-SdBNP _bspa _cBNPHU |
||
| 082 |
_a079.8 _bA185 |
||
| 100 | 1 |
_aGarcia, Flavio A. _d1913-1998 _976680 |
|
| 245 | 0 | 4 |
_aLos Acontecimientos de 1825 en la provincia Oriental a través de la prensa rioplatense : _bpresentación, selección periodística / _cFlavio A. García |
| 260 |
_aMontevideo : _bComisión Nacional de Homenaje del Sesquicentenario de los Hechos Históricos de 1825, _c1976. |
||
| 300 |
_av. : _bil. ; _c24 cm. |
||
| 500 | _aLa biblioteca posee el v. 1 | ||
| 500 | _aIncluye referencias bibliográficas y notas al pie de las páginas | ||
| 590 | _aInventariado, 2020/ YL | ||
| 650 | 4 |
_aPeriodismo _zArgentina _935430 |
|
| 650 | 4 |
_aOpinión pública _zArgentina _935431 |
|
| 910 | _aEn proceso | ||
| 942 |
_2ddc _cLF1 |
||
| 956 | _aYLOCKWARD | ||
| 999 |
_c15297 _d15297 |
||